Parents,Their Children, and schools.o (Record no. 6334)

MARC details
000 -LEADER
fixed length control field 00554nam a22001937a 4500
003 - CONTROL NUMBER IDENTIFIER
control field OSt
005 - DATE AND TIME OF LATEST TRANSACTION
control field 20190927120419.0
008 - FIXED-LENGTH DATA ELEMENTS--GENERAL INFORMATION
fixed length control field 190927b ||||| |||| 00| 0 eng d
020 ## - INTERNATIONAL STANDARD BOOK NUMBER
International Standard Book Number 0813330777
040 ## - CATALOGING SOURCE
Transcribing agency DDC.
082 ## - DEWEY DECIMAL CLASSIFICATION NUMBER
Classification number 303.32PAR 1993.
100 ## - MAIN ENTRY--PERSONAL NAME
Personal name edited by Schneider,Barbara;Coleman,S.James;
9 (RLIN) 12960
245 ## - TITLE STATEMENT
Title Parents,Their Children, and schools.o
260 ## - PUBLICATION, DISTRIBUTION, ETC. (IMPRINT)
Place of publication, distribution, etc. oxford,
Name of publisher, distributor, etc. Westview Press.
Date of publication, distribution, etc. 1993.
300 ## - PHYSICAL DESCRIPTION
Extent xv,192p;
Other physical details ill,
Dimensions 24cm.
504 ## - BIBLIOGRAPHY, ETC. NOTE
Bibliography, etc includes references and index.
650 ## - SUBJECT ADDED ENTRY--TOPICAL TERM
Topical term or geographic name as entry element Social studies.
9 (RLIN) 12766
942 ## - ADDED ENTRY ELEMENTS (KOHA)
Source of classification or shelving scheme Dewey Decimal Classification
Koha item type Open Shelf
Holdings
Withdrawn status Lost status Source of classification or shelving scheme Damaged status Not for loan Home library Current library Date acquired Source of acquisition Inventory number Total Checkouts Full call number Barcode Date last seen Date last checked out Price effective from Koha item type
    Dewey Decimal Classification     MUST Main Library MUST Main Library 27/09/2019 Purchase 11/33768 1 303.32PAR 1993. 2019-0481 04/10/2019 27/09/2019 27/09/2019 Open Shelf
    Dewey Decimal Classification     MUST Main Library MUST Main Library 30/01/2020 Purchase 2013/37304   303.32PAR 1993. 2020-0259 30/01/2020   30/01/2020 Open Shelf
    Dewey Decimal Classification     MUST Main Library MUST Main Library 01/02/2022 Purchase 15/39441   303.32PAR 1993. 2022-0122 01/02/2022   01/02/2022 Book